Wars by Clue - Statistics

General Stats
  • This quiz has been taken 5 times
  • The average score is 13 of 30
Answer Stats
Sides Dates War % Correct
5) Union vs Confederacy 1860-1865 Civil
100%
17) Christians vs Muslims 1095-1291 Crusades
100%
1) Colonies vs Great Britain 1775-1783 American Revolution
80%
12) US vs Soviet Union 1947-1991 Cold War
80%
25) Argentina vs England 1982 Falkland Islands
80%
2) Rome vs Carthage 264-146 BC Punic
80%
13) US vs Spain 1898 Spanish American
80%
4) US vs Great Britain (again) 1812-1815 War of 1812
80%
7) York vs Lancaster (UK) 1455-1487 War of the Roses
80%
10) Allies vs Central Powers 1914-1918 World War 1
80%
8) Allies vs Axis powers 1939-1945 World War 2
80%
3) US vs Mexico 1846-1848 Mexican American
60%
14) French Republic vs Euro powers 1803-1815 Napoleonic
60%
22) Russia vs Eng/Fr/Ottoman alliance 1853-1856 Crimean
40%
15) France v Britain v Natives 1754-1763 French and Indian
40%
9) England vs France 1337-1453 Hundred Years
40%
6) Athens vs Sparta 431-404 BC Peloponnesian
40%
23) Japan vs China 1894-1895 First Sino Japanese
20%
16) Greek states vs Persia 492-449 BC Greco Persian
20%
21) Denmark vs Sweden 1611-1613 Kalmar
20%
20) New England colonists vs Northeast Woodland natives 1675-1678 King Philips
20%
19) Virginia colonists vs Natives 1622-1632 Powhatan
20%
29) Tasmanian natives vs British 1804-1830 Black
0%
26) Netherlands rebels vs Spain 1568-1648 Eighty Years
0%
27) Russia vs Pol/Swe/Lith alliance 1558-1583 Livonian
0%
30) Serbia/Mont vs Ottomans 1876-1878 Serbo Turkish
0%
28) Austria vs Prussia 1740-1762 Silesian
0%
11) Qing vs Heavenly kingdom (China) 1850-1864 Taiping Revolution
0%
18) Poland vs Teutonic Knights 1454-1466 Thirteen Years
0%
24) Egypt vs Israel 1969-1970 War of Attrition
0%
No matching quizzes found
Score Distribution
Percent of People with Each Score
Percentile by Number Answered
Your Score History
You have not taken this quiz